000 01149cam a2200337 i 4500
001 1923
005 20231010145811.0
020 _a9780805096095 (hardcover)
020 _z9780805098952 (e-book)
020 _a9780545820301 (paperback)
040 _aDLC
_beng
_cDLC
_erda
_dDLC
050 0 0 _aPZ7.T211135
_bMyc 2013
082 0 0 _a[Fic]
_223
100 1 _aTashjian, Janet
245 1 0 _aMy life as a cartoonist /
_cJanet Tashjian ; with cartoons by Jake Tashjian.
250 _aFirst edition.
260 _aNew York :
_bScholastic.
_c2014
300 _a258 pages :
_billustrations ;
_c22 cm
500 _a"Christy Ottaviano books."
505 _aQ
520 _aTwelve-year-old Derek wants to train his pet monkey to help Umberto, a new student who uses a wheelchair, but Umberto would rather steal Derek's cartoon ideas.
521 _a860
_bLexile
521 _aQ
_bRaz-Plus
650 1 _aCartoonists
_vFiction.
650 1 _aWheelchairs
_vFiction.
650 1 _aPeople with disabilities
_vFiction.
650 1 _aSchools
_vFiction.
650 1 _aChildren's art.
700 1 _aTashjian, Jake
_d1994-
_eillustrator
942 _2ddc
_cBK
_n0
999 _c1923
_d1923